| 000 | 00822nam a22002297a 4500 | ||
|---|---|---|---|
| 001 | 76305 | ||
| 003 | BD-RjUL | ||
| 005 | 20211209082826.0 | ||
| 008 | 191121s2018 bg ||||| |||| 00| 0 ben d | ||
| 020 | _a9789840420568 | ||
| 035 | _a(BD-RjUL)76526 | ||
| 040 |
_aBD-RjUL _beng _cBD-RjUL |
||
| 041 | _aeng | ||
| 082 |
_223 _a954.9205 _bAHP 2018 |
||
| 100 |
_aআহমদ, আশরাফ _9235275 |
||
| 245 | 1 | 0 |
_aপাণ্ডুলিপির একাত্তর / _cআশরাফ আহমদ |
| 260 |
_aঢাকা : _bআগামী প্রকাশনী, _c২০১৮ |
||
| 300 |
_a৩০৩ পৃ.; _c২৩ সেমি. |
||
| 650 |
_a মুক্তিযুদ্ধ _zবাংলাদেশ _y১৯৭১ _9235276 |
||
| 650 |
_aLibaretion War _zBangladesh _y1971 _9122931 |
||
| 942 |
_2ddc _cBK |
||
| 999 |
_c76305 _d76305 |
||